Statistiche per Capitali per Fuso Orario - UTC+8

Clicka qui per fare il quiz!

Statistiche generali

  • Questo quiz è stato fatto 3 volte
  • Il punteggio medio è 4 su 5

Statistiche sulle risposte

ContinenteCapitale% Corretto
AsiaManila
100%
AsiaPechino
100%
AsiaKuala Lumpur
67%
AsiaSingapore
67%
AsiaUlan Bator
33%

Distribuzione punteggi

Percentile per numero di risposta

Percentuale di utenti per punteggio

I tuoi punteggi nel tempo

Non hai fatto questo quiz